Central Library OPAC University of Rajshahi
Normal view MARC view

Entry Personal Name

Number of records used in: 5

001 - CONTROL NUMBER

  • control field: 6130

003 - CONTROL NUMBER IDENTIFIER

  • control field: BD-RjUL

005 - DATE AND TIME OF LATEST TRANSACTION

  • control field: 20221205102128.0

008 - FIXED-LENGTH DATA ELEMENTS

  • fixed length control field: 221205|| aca||aabn | a|a d

040 ## - CATALOGING SOURCE

  • Original cataloging agency: BD-RjUL
  • Transcribing agency: BD-RjUL

100 ## - HEADING--PERSONAL NAME

  • Personal name: রহমান, মো. মাহাবুবর, যুগ্ম লেখক

670 ## - SOURCE DATA FOUND

  • Source citation: Work cat.: (BD-RjUL)39448: মামুন, মুনতাসীর 121589, স্বাধীন বাংলাদেশের অভ্যুদয়ের ইতিহাস /, ২০১৩ [মুদ্রণ২০১৯]